Score 0/20 Timer 03:00
0 Plays Today
Hint Answer % Correct
Chris HemsworthStar
98%
Chris FarleyWorld
96.4%
Chris FarleyHills
95.3%
Chris HemsworthWhite
94.5%
Chris EvansAmerica
88.2%
Chris EvansFour
87.5%
Chris EvansYour
82.2%
Chris TuckerRush
81.7%
Chris TuckerPlaybook
81.3%
Chris FarleyBlack
75.3%
Hint Answer % Correct
Chris EvansScott
75.2%
Chris HemsworthRed
69.3%
Chris EvansTeen
68.6%
Chris HemsworthCabin
59.5%
Chris FarleyTommy
53.9%
Chris TuckerDead
53.1%
Chris TuckerBrown
50.4%
Chris TuckerTalks
36.3%
Chris HemsworthPerfect
19.6%
Chris FarleyAlmost
19%

Today's Daily Dose

Missing Word
'T' Pairs

Word Ladder
Game Pieces

Get the Picture
Baseball Movies

Remove Ads.
Support Sporcle.
Get the best of Sporcle when you Go Orange. This ad-free experience offers more features, more stats, and more fun while also helping to support Sporcle. Thank you for becoming a member.

You're not logged in!

Compare scores with friends on all Sporcle quizzes.
OR
Log In

Show Comments

Extras

Top Quizzes Today


Score Distribution

Your Account Isn't Verified!

In order to create a playlist on Sporcle, you need to verify the email address you used during registration. Go to your Sporcle Settings to finish the process.

Report this User

Report this user for behavior that violates our Community Guidelines.

Details: